000 01948nam a22002897a 4500
001 1500
005 20250604083427.0
020 _a9789924341390
040 _aFISKH
_beng
_cFISKH
_dFISKH
082 _a332.024
100 _aSophal, Bot
245 _aស្វែងយល់ពីលុយ /
_cនិពន្ធដោយ ប៊ុត សុផល, ឡាច រតនា និង ស៊ិន សុវណ្ណរតនា - និពន្ធឆាករូបភាពដោយ អ៊ូច សូដានី
260 _aPhnom Penh :
_bSipar,
_c2022.
300 _a40 pages :
_bcolor illustrations ;
_c20 cm
490 _aខ្ញុំចង់ដឹង
505 _aZ'
520 _aស្វែង​យល់​ពី​លុយ អំពី​ប្រវត្តិ​ដំបូងៗ​នៃ​ការ​ដោះ​ដូរ​ទំនិញ ទម្រាំ​ដល់​ការ​បោះពុម្ព​លុយ​សម្រាប់​ចាយ​ដល់​សព្វ​ថ្ងៃ។ ក្នុង​នោះ​ដែរ អ្នក​អាន​ក៏​អាច​ស្វែង​យល់​ពី​ការ​គ្រប់​គ្រង​ចំណាយ ការ​សន្សំ​លុយ និង​ប្រតិបត្តិការ​ហិរញ្ញវត្ថុ​នៅ​កម្ពុជា​ទៀត​ផង។
520 _aFind out about money from the early history of bartering to printing money for today. Readers can also learn about cost management, saving money and financial transactions in Cambodia.
521 _a1000
_bLexile estimate
521 _aZ'
_bRaz-Plus
650 _aលុយ
_vចំណាយ
_xសន្សំ
650 _aMoney
_vSpend
_xSave
700 _aRatana, Larch
_cAuthor
700 _aSovanratana, Sin
_cAuthor
700 _aSodany, Ouch
_cillustrator
942 _2ddc
_cKHB
_n0
999 _c1500
_d1500